000 00397nam a22001697a 4500
005 20160627103631.0
008 160627b xxu||||| |||| 00| 0 eng d
020 _a81-7036-704-2
041 _aeng
082 _b10398
100 _aSingh Indramani and Raja Parasu Raman
_92867
245 _aHuman Coguition
260 _bSage
_c1998
300 _a342
650 _aManagement
_9241
942 _cBK
999 _c4145
_d4144